000 00222nam a22000857a 4500
008 161108b xxu||||| |||| 00| 0 eng d
100 _91056
_aManivasakam N
245 _aEnvironmental Pollution
260 _aNew Delhi
_bN B T
_c2006
999 _c3712
_d3712